|
|
|
|
| LEADER |
00000nam0a2200000 4500 |
| 001 |
286111 |
| 005 |
20231101235848.0 |
| 020 |
|
|
|a RU
|b 85-58740
|
| 035 |
|
|
|a (RuTPU)RU\TPU\book\310402
|
| 090 |
|
|
|a 286111
|
| 100 |
|
|
|a 20150303d1985 km y0rusy5003 ca
|
| 101 |
0 |
|
|a rus
|
| 102 |
|
|
|a RU
|
| 105 |
|
|
|a y a 001zy
|
| 200 |
1 |
|
|a Изотопное датирование геологических формаций
|e библиографический указатель отечественной и зарубежной литературы 1975-1981 гг.
|f Академия наук СССР (АН СССР), Библиотека по естественным наукам (БЕН) ; сост. Г. П. Борзунова
|
| 210 |
|
|
|a Москва
|c Наука
|d 1985
|
| 215 |
|
|
|a 287 с.
|
| 320 |
|
|
|a Указатель имен: с. 242-287
|
| 606 |
1 |
|
|a Библиографические пособия
|x По геологии
|2 stltpush
|3 (RuTPU)RU\TPU\subj\28563
|9 52081
|
| 606 |
1 |
|
|a Геохронология
|2 stltpush
|3 (RuTPU)RU\TPU\subj\6307
|9 34230
|
| 610 |
1 |
|
|a библиографисеские указатели
|
| 610 |
1 |
|
|a изотопное датирование
|
| 610 |
1 |
|
|a геологические формации
|
| 610 |
1 |
|
|a методы
|
| 610 |
1 |
|
|a изотопы
|
| 610 |
1 |
|
|a геохимия
|
| 610 |
1 |
|
|a возраст
|
| 610 |
1 |
|
|a определение
|
| 610 |
1 |
|
|a природные воды
|
| 610 |
1 |
|
|a космические тела
|
| 675 |
|
|
|a 550.93(01)
|z rus
|v 3
|
| 686 |
|
|
|a Я19:55
|2 rubbk
|
| 702 |
|
1 |
|a Борзунова
|b Г. П.
|g Галина Петровна
|4 220
|
| 712 |
0 |
2 |
|a Академия наук СССР (АН СССР)
|b Библиотека по естественным наукам (БЕН)
|2 stltpush
|3 (RuTPU)RU\TPU\col\13463
|
| 801 |
|
0 |
|a RU
|b RuMRKP
|c 19950704
|g psbo
|
| 801 |
|
1 |
|a RU
|b 63413507
|c 20150303
|
| 801 |
|
2 |
|a RU
|b 63413507
|c 20171103
|g RCR
|
| 942 |
|
|
|c BK
|